00350 a2200109 4500001001000000005001700010008004100027245006800068100002500136773006200161999001700223ART_4497720260410162039.0260409a 10aLa economía oculta como forma de ajuste en la cadena de valor1 aNarodowski, Patricio0 tEstudios del trabajog- Nº 35 (ene./jul. 2008)wREV44896 c34718d34718